Geography Quiz

Random Geography or City Quiz

Biggest Czech cities Quiz Stats

 Plays Quiz not verified by Sporcle

Support Sporcle.
Go Orange.
Score 0/14 Timer 07:00
0 Plays Today
20 biggest cities of Czech republic. Can % Correct
Prague
100%
Brno
96.6%
Ostrava
89.7%
Pilsen
71.8%
Olomouc
68.4%
Liberec
67.5%
Ceske Budejovice
66.7%
20 biggest cities of Czech republic. Can % Correct
Hradec Kralove
60.7%
Zlin
58.1%
Pardubice
55.6%
Usti nad Labem
48.7%
Kladno
47.9%
Most
43.6%
Havirov
42.7%

You're not logged in!

Compare scores with friends on all Sporcle quizzes.
OR
Log In

From the Vault

Top Countries of Naturalized US Citizens

by folio1701

In America, most of us came from somewhere else.
Remove Ads.
Support Sporcle.
Get the best of Sporcle when you Go Orange. This ad-free experience offers more features, more stats, and more fun while also helping to support Sporcle. Thank you for becoming a member.

Show Comments

Extras

Created Feb 27, 2011ReportNominate
Tags:City Quiz, biggest, Czech, republic

Top Quizzes Today


Score Distribution

Your Account Isn't Verified!

In order to create a playlist on Sporcle, you need to verify the email address you used during registration. Go to your Sporcle Settings to finish the process.

Report this User

Report this user for behavior that violates our Community Guidelines.

Details: